[Event "2nd Server24 Open"]
[Site "Ortisei ITA"]
[Date "2013.06.02"]
[Round "2.15"]
[White "Koziol,Kamil"]
[Black "Collutiis,D"]
[Result "0-1"]
[WhiteElo "2008"]
[BlackElo "2465"]

1.d4 Nf6 2.c4 Nc6 3.Nc3 e5 4.e3 Bb4 5.a3 Bxc3+ 6.bxc3 d6 7.Bd3 O-O 8.Ne2 b6
9.Ng3 Re8 10.O-O e4 11.Be2 Na5 12.Qc2 Ba6 13.Qa2 d5 14.cxd5 Bxe2 15.Nxe2 Qxd5
16.Nf4 Qxa2 17.Rxa2 c6 18.a4 Nd5 19.Nxd5 cxd5 20.Bd2 Nc4 21.Rb1 a6 22.Be1 f5
23.h4 Kf7 24.Rb3 Rac8 25.Ra1 Rc6 26.Rab1 Ree6 27.Kf1 Rh6 28.g3 Rhe6 29.Ke2 Ke7
30.Bd2 Kd7 31.Bc1 Na5 32.R3b2 Kc7 33.Bd2 Rc4 34.Ra2 h5 35.Ra3 g6 36.Rf1 Nb7
37.Rb1 Rec6 38.Rb2 Nd6 39.Rbb3 Kb7 40.Ra2 Rc8 41.Ra1 Ka7 42.Ra2 Rb8 43.Kd1 a5
44.Kc2 Ka6 45.Rb1 b5 46.axb5+ Rxb5 47.Rxb5 Nxb5 48.Kb3 Rc7 49.Kc2 Nd6 50.Bc1 Nc4
51.Ba3 Rb7 52.Bc5 Kb5 53.Bf8 Kc6 54.Kc1 Rb8 55.Be7 Kd7 56.Bg5 Ra8 57.Bf4 a4
58.Kc2 Ra6 59.Bh6 Ke8 60.Bf4 a3 61.Bh6 Rb6 62.Bg5 Kd7 63.Bh6 Kc6 64.Bf8 Rb2+
65.Rxb2 axb2 66.Kb1 Kd7 67.Bh6 Kc6 68.Bf8 Kb5 69.Ka2 Ka4 70.Bb4 b1=Q+ 71.Kxb1 Kb3
72.Kc1 Nb2 73.Kd2 Nd3 74.Ke2 Kc2 75.Ba5 Nc1+ 76.Ke1 Kd3 77.Bb4 Nb3 78.Kd1 Nd2
79.Ke1 f4 80.exf4 e3 81.fxe3 Ne4 82.Kf1 Nxg3+ 83.Kg2 Nf5 84.Kf2 Nxh4 85.Be7 Nf5
86.Bb4 Nxe3 87.Kg3 Ke4 88.Ba5 Nf5+ 89.Kf2 Kxf4 90.Bc7+ Ke4 91.Ke2 g5 92.Kd2 g4
93.Bh2 h4 94.Bg1 g3 95.c4 dxc4 96.Kc3 Kd5  0-1

[Event "Grand Europe Open Albena"]
[Site "Albena BUL"]
[Date "2013.06.05"]
[Round "5.35"]
[White "Mlynek,P"]
[Black "Kukov,V"]
[Result "0-1"]
[WhiteElo "2196"]
[BlackElo "2396"]

1.d4 Nf6 2.c4 Nc6 3.Nf3 e6 4.Nc3 Bb4 5.Bd2 O-O 6.e3 d6 7.a3 Bxc3 8.Bxc3 Ne4
9.Bd3 Nxc3 10.bxc3 e5 11.dxe5 dxe5 12.Be4 Qe7 13.O-O f5 14.Bd5+ Kh8 15.Bxc6 bxc6
16.Qa4 Rf6 17.Rfd1 c5 18.Nxe5 Bb7 19.f4 Rd6 20.Ra2 Rad8 21.Re1 Rd2 22.Rxd2 Rxd2
23.Rd1 Rxg2+ 24.Kf1 h6 25.Rd2 Rg4 26.Qd7 Qxd7 27.Rxd7 Rg2 28.Rxc7 Be4 29.h4 Kh7
30.Rxc5 Rh2 31.Ra5 Rxh4 32.c5 Rh1+ 33.Kf2 Rc1 34.c4 h5 35.c6 h4 36.c7 Rc2+
37.Kg1 h3  0-1

[Event "French Top 12 2013"]
[Site "Haguenau FRA"]
[Date "2013.06.05"]
[Round "7.2"]
[White "Wojtaszek,R"]
[Black "Tregubov,P"]
[Result "1/2-1/2"]
[WhiteElo "2701"]
[BlackElo "2611"]

1.d4 Nf6 2.c4 Nc6 3.Nf3 e6 4.Nc3 Bb4 5.Qc2 O-O 6.Bd2 d6 7.a3 Bxc3 8.Bxc3 Qe7
9.e3 e5 10.d5 Nb8 11.Be2 Bg4 12.e4 a5 13.h3 Bxf3 14.Bxf3 a4 15.O-O Nbd7 16.Rae1 Nc5
17.Bd1 Nfd7 18.Qe2 Rfe8 19.g3 Qf8 20.Bc2 Re7 21.Kg2 Qe8 22.Rd1 Nf8 23.Rfe1 Nfd7
24.Qf1 f6 25.Re3 Qb8 26.Qe2 Qa7 27.Bd2 Qb6 28.Rb1 Qa6 29.Rc3 Rb8 30.h4 Kh8
31.Be3 Ree8 32.Qg4 Re7 33.Qf3 Ra8 34.Kh2 Rf7 35.Qg2 Re8 36.Re1 Rfe7 37.Bd1 Rb8
38.Bc2 Qb6 39.Rb1 Qa6 40.Qf1 Kg8 41.Qe2 Kh8 42.Rg1 Rf7 43.Bc1 Re8 44.Be3 Ra8
45.Bc1 Re8 46.Be3 Ra8 47.Bc1  1/2-1/2

[Event "FIDE World Blitz 2013"]
[Site "Khanty-Mansiysk RUS"]
[Date "2013.06.09"]
[Round "12.22"]
[White "Khismatullin,D"]
[Black "Ram,S"]
[Result "0-1"]
[WhiteElo "2658"]
[BlackElo "2248"]

1.d4 Nf6 2.c4 Nc6 3.Nf3 e6 4.g3 d5 5.Nbd2 dxc4 6.e3 e5 7.Bg2 exd4 8.exd4 Nxd4
9.Nxd4 Qxd4 10.O-O c6 11.Qa4 Qc5 12.Nxc4 b5 13.Re1+ Be6 14.Qa6 Nd5 15.Be3 Qxc4
16.Rac1 Nb4 17.Qb7 Rd8 18.Rxc4 bxc4 19.Bxc6+ Nxc6 20.Qxc6+ Rd7 21.Bg5 Be7
22.Qc8+ Rd8 23.Qc6+ Rd7 24.Bxe7 Kxe7 25.Qxc4 Rhd8 26.Qc5+ Ke8 27.h4 Rd5 28.Qxa7 Kf8
29.Qc7 h5 30.Qc2 Kg8 31.a4 Rd2 32.Qc7 Rc8 33.Qf4 Rxb2 34.Rc1 Ra8 35.Qe4 Rd8
36.a5 Ra2 37.Qb4 Rdd2 38.Qb8+ Kh7 39.Qf4 Re2 40.Rc5 g6 41.Qd4 Rad2 42.Qf6 Ra2
43.Rc8 Bxc8 44.Qxf7+ Kh8 45.Qf8+ Kh7 46.Qxc8 Rxf2 47.Qb7+ Kh6 48.Qb8 Rg2+
49.Kf1 Raf2+ 50.Ke1 Re2+ 51.Kd1 Rd2+ 52.Kc1 Kg7 53.Qe5+ Kh7 54.Qc7+ Kg8 55.Qc6 Rdf2
56.Qxg6+ Kf8 57.Qd6+ Ke8 58.Qe6+ Kd8 59.Qe1 Ra2 60.Qd1+ Kc8 61.Qd4 Rg1+  0-1

[Event "2nd Grand Europe Open 2013"]
[Site "Golden Sands BUL"]
[Date "2013.06.15"]
[Round "6.5"]
[White "Gupta,Ab"]
[Black "Venkatesh,M"]
[Result "1/2-1/2"]
[WhiteElo "2600"]
[BlackElo "2506"]

1.d4 Nf6 2.c4 Nc6 3.Nf3 e6 4.g3 d5 5.Bg2 dxc4 6.Qa4 Bb4+ 7.Bd2 Nd5 8.Bxb4 Nxb4
9.O-O Rb8 10.Na3 O-O 11.Qb5 b6 12.Qxc4 Ba6 13.Nb5 Qd5 14.Qxd5 Nxd5 15.a4 Na5
16.Ne5 Rfd8 17.Nxa7 Nb4 18.Rac1 f6 19.Nec6 Naxc6 20.Nxc6 Nxc6 21.Rxc6 Rxd4
22.Rxc7 Rxa4 23.Bf3 Rd8 24.Ra7 Bb5 25.Rb7 Rd6 26.b3 Rad4 27.Kg2 Ba6 28.Rb8+ Kf7
29.Ra1 Bb5 30.Ra7+ Kg6 31.h4 Rd2 32.e4 Bc6 33.g4 Kh6 34.g5+ fxg5 35.hxg5+ Kg6
36.Re7 R2d3 37.b4 Kxg5 38.Rxg7+ Kf4 39.b5 Bd7 40.Rf8+ Ke5 41.Rg5+ Kd4 42.e5 Rd5
43.Rd8 Bc6 44.Bxd5 Bxd5+ 45.Kh2 Rf3 46.Kg2 Rb3+ 47.Kg1 Rxb5  1/2-1/2

[Event "Portuguese Masters"]
[Site "Sintra POR"]
[Date "2013.06.15"]
[Round "8.3"]
[White "Dias,P"]
[Black "Reis,Luis So"]
[Result "1/2-1/2"]
[WhiteElo "2434"]
[BlackElo "2232"]

1.d4 Nf6 2.c4 Nc6 3.Nc3 e5 4.d5 Ne7 5.e4 Ng6 6.Bd3 Bc5 7.Be3 Qe7 8.Bxc5 Qxc5
9.Nge2 Ng4 10.O-O Qe7 11.h3 Nf6 12.Ng3 d6 13.Nf5 Bxf5 14.exf5 Nf8 15.Qb3 b6
16.c5 N8d7 17.c6 Nc5 18.Qc4 a6 19.a4 a5 20.Rae1 O-O 21.Re3 g5 22.fxg6 hxg6
23.Rfe1 Nh5 24.g4 Nxd3 25.Rxd3 Qh4 26.Re4 Nf4 27.Rxf4 exf4 28.Qxf4 Rae8 29.Nb5 f5
30.Qg3 Qxg3+ 31.Rxg3 f4 32.Rd3 Re1+ 33.Kg2 Rf7 34.g5 Re5 35.h4 Kf8 36.Nd4 f3+
37.Kg3 Ke7 38.Ne6 Re1 39.Nf4 Kd8 40.Kxf3 Rf1 41.Rd4 Rb1 42.Rd2 Ra1 43.b3 Rb1
44.Rd3 Rb2 45.h5 gxh5 46.g6 Rxf2+ 47.Kxf2 Rxf4+ 48.Ke2 Rg4 49.Rh3 h4 50.Kf3 Rxg6
51.Rxh4 Rg8 52.Rh6 Re8 53.Kf4 Re5 54.Rh8+ Ke7 55.Rh7+ Kd8 56.Rd7+ Kc8 57.Rf7 Kd8
58.Rf8+ Ke7 59.Rc8 Rxd5 60.Rxc7+ Ke6 61.Rh7 Rf5+ 62.Ke3 Re5+ 63.Kf4 Rf5+
64.Kg4 Rc5 65.c7 d5 66.Rh6+ Kd7 67.Rxb6 Kxc7 68.Ra6 d4 69.Kf3 Re5 70.Kf4 Rd5
71.Rh6 d3 72.Rh1 d2 73.Rd1 Rd3 74.Ke4 Rxb3 75.Rxd2 Rb4+ 76.Rd4 Kc6 77.Rxb4 axb4
78.Kd4 Kb6 79.Kc4 Ka5 80.Kd4  1/2-1/2

[Event "7th Srebrno Jezero Open 2013"]
[Site "Srebrno jezero SRB"]
[Date "2013.06.15"]
[Round "3.3"]
[White "Tosic,M"]
[Black "Mladenovic,St"]
[Result "1-0"]
[WhiteElo "2411"]
[BlackElo "2299"]

1.d4 Nf6 2.c4 Nc6 3.Nf3 e6 4.a3 d6 5.b4 g6 6.Bb2 Bg7 7.g3 O-O 8.Bg2 a5 9.b5 Nb8
10.O-O Nbd7 11.Nbd2 Qe7 12.Qc2 e5 13.e3 h6 14.Nh4 Re8 15.a4 Nf8 16.dxe5 dxe5
17.Ba3 Qe6 18.Ne4 N8d7 19.Nxf6+ Nxf6 20.e4 Nd7 21.c5 Bf8 22.f4 exf4 23.gxf4 Qg4
24.c6 Nf6 25.Bxf8 Kxf8 26.e5 Nh5 27.Qf2 bxc6 28.Ra3 Bb7 29.h3 Qe6 30.f5 gxf5
31.Nxf5 Qxe5 32.Nd6 f6 33.Nxb7 cxb5 34.Nc5 Rad8 35.axb5 Rd2 36.Qxd2 Qxc5+
37.Kh1 Qxa3 38.Qxh6+ Ke7 39.Qxh5 Qe3 40.Rd1 Rf8 41.Bc6 f5 42.Rd7+ Kf6 43.Qh4+ Qg5
44.Qd4+ Ke6 45.Qc4+ Kf6 46.Qc3+ Ke6 47.Qe1+ Kf6 48.Qe7+ Kg6 49.Qg7+ Kh5 50.Bf3+ Kh4
51.Qh7+ Kg3 52.Rg7  1-0

[Event "8th Teplice Open 2013"]
[Site "Teplice CZE"]
[Date "2013.06.16"]
[Round "2.65"]
[White "Maly,Jiri"]
[Black "Plug,A"]
[Result "0-1"]
[WhiteElo "1669"]
[BlackElo "1933"]

1.d4 Nf6 2.c4 Nc6 3.Nc3 e5 4.e3 Bb4 5.a3 Bxc3+ 6.bxc3 O-O 7.d5 Na5 8.Nf3 d6
9.h3 b6 10.Be2 Ne4 11.Qc2 f5 12.O-O Ba6 13.Nd2 Nxd2 14.Bxd2 Bxc4 15.Bxc4 Nxc4
16.Bc1 Qd7 17.a4 Qf7 18.Qd3 Na5 19.c4 Nb7 20.Ba3 f4 21.exf4 Qxf4 22.Rae1 Nc5
23.Bxc5 bxc5 24.Re4 Qf5 25.f3 Rab8 26.Rb1 Rb6 27.Rxb6 cxb6 28.Qb3 Qd7 29.Qb5 Qxb5
30.cxb5 Rf4 31.Kf2 Kf7 32.Ke3 h5 33.Rxf4+ exf4+ 34.Kxf4 h4 35.Ke4 Kf6 36.f4 g6
37.Kf3 Kf5 38.Ke3 c4 39.Kd4 Kxf4 40.Kxc4 Kg3  0-1

[Event "8th Teplice Open 2013"]
[Site "Teplice CZE"]
[Date "2013.06.20"]
[Round "6.39"]
[White "Furman,Bo"]
[Black "Plug,A"]
[Result "1/2-1/2"]
[WhiteElo "2198"]
[BlackElo "1933"]

1.d4 Nf6 2.c4 Nc6 3.Nf3 e6 4.a3 Be7 5.Nc3 O-O 6.Bg5 d5 7.e3 Rb8 8.Qc2 dxc4
9.Bxc4 Nd5 10.Bxe7 Ncxe7 11.Bd3 h6 12.O-O c6 13.Ne5 f6 14.Ng6 Nxg6 15.Bxg6 Bd7
16.Qe2 f5 17.Bh5 Qf6 18.f4 Nxc3 19.bxc3 c5 20.Bf3 cxd4 21.cxd4 a6 22.Rfc1 g5
23.g3 Qd8 24.Qd2 g4 25.Bg2 b5 26.Rc5 Qb6 27.Rac1 Rfc8 28.e4 a5 29.exf5 exf5
30.Bd5+ Kg7 31.Qb2 Kg6 32.Ba2 Be6 33.Qg2 Bxa2 34.Qxa2 Rxc5 35.Rxc5 Qd6 36.Qd2 Rd8
37.Rxb5 Qxd4+ 38.Qxd4 Rxd4 39.Rxa5 Rd1+ 40.Kf2 Rd2+  1/2-1/2

[Event "Malaysian Masters Men 2013"]
[Site "Kuala Lumpur MAS"]
[Date "2013.06.22"]
[Round "1.3"]
[White "Ajeet Singh,Roshan"]
[Black "Wong,J"]
[Result "0-1"]
[WhiteElo "2014"]
[BlackElo "2120"]

1.d4 Nf6 2.c4 Nc6 3.Nf3 e6 4.a3 d6 5.Nc3 g6 6.e4 Bg7 7.Be2 O-O 8.O-O Re8
9.Be3 e5 10.d5 Nd4 11.Re1 Bd7 12.b4 Nxe2+ 13.Qxe2 Ng4 14.Bg5 f6 15.Bd2 f5
16.c5 f4 17.Red1 g5 18.Be1 Rf8 19.c6 bxc6 20.dxc6 Be6 21.h3 Nh6 22.Nd5 Kh8
23.b5 g4 24.hxg4 Nxg4 25.Rd3 Rg8 26.Ba5 Rc8 27.Qd1 Bf8 28.Bc3 Rg7 29.Kf1 Qe8
30.Qa4 Qg6 31.Ne1 Qh5 32.f3 Qh1+ 33.Ke2 Nh2 34.Qxa7 Qf1+ 35.Kd2 Rxg2+ 36.Nxg2 Qxg2+
37.Kc1 Qf1+ 38.Kc2 Qg2+ 39.Rd2 Qxf3 40.Qa4 Nf1 41.Rd3 Qe2+ 42.Bd2 Ng3 43.Re1 Qg2
44.Qb4 Bxd5 45.Rxg3 fxg3 46.exd5 Bh6 47.Kc1 Bxd2+ 48.Qxd2 Qf3 49.Kb2 Rg8
50.Re3 Qf1 51.Re1 Qxb5+ 52.Ka1 g2  0-1

[Event "8th Teplice Open 2013"]
[Site "Teplice CZE"]
[Date "2013.06.22"]
[Round "8.44"]
[White "Janda,Z"]
[Black "Plug,A"]
[Result "1-0"]
[WhiteElo "2145"]
[BlackElo "1933"]

1.d4 Nf6 2.c4 Nc6 3.Nf3 e6 4.a3 Be7 5.e3 d6 6.b4 O-O 7.Bb2 Re8 8.Bd3 Bf8
9.O-O a5 10.b5 Nb8 11.Nc3 Nbd7 12.Na4 b6 13.Re1 g6 14.Rc1 Bg7 15.c5 Nd5 16.Qd2 Nf8
17.e4 Ne7 18.Red1 f5 19.cxd6 cxd6 20.d5 e5 21.Qc2 Ra7 22.Qc4 Nd7 23.Bb1 Kh8
24.Ng5 Rf8 25.Ne6 Qe8 26.Nxf8 Qxf8 27.exf5 gxf5 28.f4 Qg8 29.Bxf5 Bh6 30.Be6 Qg6
31.Rf1  1-0

[Event "FISCA Open D 2013"]
[Site "Cap Aurora ROU"]
[Date "2013.06.25"]
[Round "5.9"]
[White "Miron,I"]
[Black "Bida,M"]
[Result "1/2-1/2"]
[WhiteElo "2093"]
[BlackElo "2204"]

1.d4 Nf6 2.c4 Nc6 3.Nf3 e6 4.Nc3 Bb4 5.Qc2 d6 6.Bg5 h6 7.Bd2 a5 8.a3 Bxc3
9.Bxc3 Qe7 10.e4 e5 11.dxe5 dxe5 12.Be2 O-O 13.h3 Nh7 14.O-O-O Ng5 15.Rd5 Nxf3
16.gxf3 Be6 17.Rb5 b6 18.Bxe5 Na7 19.Rb3 Bxc4 20.Bxc4 Qxe5 21.Rg1 b5 22.Be2 Qh2
23.Rg4 a4 24.Rd3 Rfd8 25.Qc3 g6 26.Qf6 Rxd3 27.Bxd3 Qxf2 28.Rxg6+ fxg6 29.Qxg6+ Kf8
30.Qf6+ Kg8  1/2-1/2

[Event "Mukachevo Summer"]
[Site "Mukachevo UKR"]
[Date "2013.06.25"]
[Round "1.1"]
[White "Zubov,A UKR"]
[Black "Romcovici,V"]
[Result "1-0"]
[WhiteElo "2591"]
[BlackElo "2129"]

1.d4 Nf6 2.c4 Nc6 3.Nf3 e6 4.e3 Bb4+ 5.Nbd2 O-O 6.a3 Be7 7.b3 d6 8.Bb2 Nd7
9.Qc2 e5 10.Bd3 g6 11.g4 exd4 12.exd4 Bf6 13.O-O-O Re8 14.h4 Nf8 15.g5 Bg7
16.d5 Ne5 17.Nxe5 dxe5 18.f4 c6 19.dxc6 bxc6 20.f5 gxf5 21.Bxf5 Qe7 22.Rde1 Rb8
23.Bxc8 Rbxc8 24.Ne4 Nd7 25.Rhf1 Rcd8 26.Kb1 Rb8 27.h5 Qe6 28.Rd1 c5 29.Nd6 Rf8
30.Nf5 Rb6 31.Qd3 Nb8 32.Qe3 Nd7 33.Ka2 Rfb8 34.Nxg7 Kxg7 35.Rxd7 Qxd7 36.Qxe5+ Kf8
37.Qg7+ Ke8 38.Qg8+ Ke7 39.Rxf7+  1-0

[Event "63rd ch-RUS HL w"]
[Site "Yekaterinburg RUS"]
[Date "2013.06.27"]
[Round "7.4"]
[White "Ivakhinova,I"]
[Black "Vasilevich,I"]
[Result "1/2-1/2"]
[WhiteElo "2291"]
[BlackElo "2370"]

1.d4 Nf6 2.c4 Nc6 3.Nf3 e6 4.a3 g6 5.Nc3 d6 6.e4 Bg7 7.Be2 O-O 8.d5 Ne5 9.Nxe5 dxe5
10.O-O exd5 11.cxd5 Ne8 12.Be3 f5 13.f3 a6 14.Rc1 Nd6 15.b4 Bd7 16.Qc2 Rf7
17.Bd3 f4 18.Bf2 g5 19.Na4 Bxa4 20.Qxa4 h5 21.Kh1 g4 22.Rc2 Bf8 23.Be1 Rc8
24.Qb3 Qg5 25.a4 Rg7 26.a5 Kh8 27.Bc3 Be7 28.Qb2 Bf6 29.Qc1 gxf3 30.Rxf3 Rcg8
31.Bb2 Qg6 32.Qe1 Nf7 33.Qf1 Qg5 34.Rff2 Nh6 35.Rf3 Ng4 36.Bc1 Be7 37.Qe1 Bd6
38.h3 Nf6 39.Bb2 Qh6 40.Bc1 h4 41.Re2 Nh5 42.Ref2 Rg5 43.Bb2 Qg6 44.Qd2 Rg3
45.Rxg3 Nxg3+ 46.Kg1 Nh5 47.Bc3 Qg3 48.Kh1 Qg5 49.Kg1 Kh7 50.Qb2 Kh6 51.Qd2 Rg6
52.Kh1 Qf6 53.Rf3 Qe7 54.Kh2 Qd7 55.Qb2 Qg7 56.Qd2 Kh7 57.Kg1 Kg8 58.Qf2 Qe7
59.Qd2 Nf6 60.Qb2 Nh7 61.Kh2 Ng5 62.Rf1 Qf6 63.Be1 f3 64.Bxh4 fxg2 65.Qxg2 Qg7
66.Bg3 Bxb4 67.Rf5 Nf7 68.Qf2 Bc3 69.Rf3 Bd4 70.Qg2 Nd6 71.Qc2 Kh7 72.Qe2 Ne8
73.Qf1 Nf6 74.Bf2 Bxf2 75.Qxf2 Qh6 76.Kh1 Qg5 77.Rf5 Qh6 78.Rf3 Nh5 79.Kh2 Nf4
80.Bf1 Qg5 81.Rc3 Qe7 82.Qc2 Rg7 83.Qf2 Ng6 84.Rf3 Nf4 85.Rb3 Rf7 86.Rf3 Qg5
87.Qb2 Rg7 88.Qf2 Qh5 89.Rb3 Rf7 90.Rf3 Rg7 91.Rb3 Rf7 92.Rf3 Rg7  1/2-1/2

[Event "41st TCh-GRE"]
[Site "Rio (Achaia) GRE"]
[Date "2013.07.05"]
[Round "5.8"]
[White "Papasimakopoulos,Vasilios"]
[Black "Papadopoulos,Panay"]
[Result "1-0"]
[WhiteElo "1848"]
[BlackElo "2004"]

1.d4 Nf6 2.c4 Nc6 3.Nf3 e6 4.a3 d6 5.Nc3 Be7 6.g3 O-O 7.Bg2 e5 8.d5 Nb8 9.O-O Ne8
10.e4 g6 11.Bh6 Ng7 12.Nd2 Bg5 13.Bxg5 Qxg5 14.f4 Qe7 15.Qe2 Nd7 16.Rae1 Nf6
17.b4 Bd7 18.Nf3 Nfh5 19.fxe5 dxe5 20.c5 Ne8 21.Qe3 Nhg7 22.Nd2 f6 23.Rf2 a5
24.Nc4 axb4 25.axb4 b6 26.Rb2 bxc5 27.bxc5 Bc8 28.Bf1 Qd7 29.Nd2 Kh8 30.Bb5 Qg4
31.Bc6 Ra6 32.Nc4 Rxc6 33.dxc6 Ba6 34.Na3 Qe6 35.Rb8 Qxc6 36.Nab5 Bxb5 37.Nxb5 Ne6
38.Ra1 Kg7 39.Raa8 h5 40.Qc3 Rf7 41.Rxe8 Qxb5 42.Rxe6 Qd7 43.Ree8 Qd1+ 44.Kf2 Rd7
45.Rg8+ Kh6 46.Rh8+ Rh7 47.Rxh7+ Kxh7 48.Ra7 Qd7 49.c6 Qd6 50.Ke1 Kg7 51.Qa5  1-0

[Event "St. Pauli Open 2013"]
[Site "Hamburg GER"]
[Date "2013.07.10"]
[Round "6.18"]
[White "Krallmann,M"]
[Black "Wollenweber,C"]
[Result "0-1"]
[WhiteElo "2262"]
[BlackElo "2110"]

1.d4 Nf6 2.c4 Nc6 3.Nf3 e6 4.Nc3 Bb4 5.Qc2 O-O 6.Bg5 h6 7.Bd2 d5 8.e3 Re8
9.a3 Bf8 10.b4 e5 11.dxe5 Nxe5 12.Nxe5 Rxe5 13.cxd5 Nxd5 14.Bc4 Nb6 15.Be2 Qh4
16.O-O Bf5 17.Qb2 Rd8 18.Nb5 Red5 19.Nd4 Bg4 20.g3 Qh3 21.f3 c5 22.fxg4 cxd4
23.Rf4 g5 24.Bf1 gxf4 25.Bxh3 dxe3 26.Be1 Bg7 27.Qe2 Bxa1 28.gxf4 Rd1 29.Bf1 Nc4
30.Qxc4 Rxe1 31.Kg2 Rd2+ 32.Kg3 Rf2 33.Bd3 Rg1+ 34.Kh3 Rf3+ 35.Kh4 Bf6+ 36.g5 hxg5+
37.fxg5 Bxg5+ 38.Kh5 Rh3+ 39.Qh4 Rxh4+  0-1

[Event "Minsk Open 2013"]
[Site "Minsk BLR"]
[Date "2013.07.13"]
[Round "1.12"]
[White "Podolchenko,E"]
[Black "Zarubitski,Viachaslau"]
[Result "1-0"]
[WhiteElo "2447"]
[BlackElo "1848"]

1.d4 Nf6 2.c4 Nc6 3.Nf3 e6 4.g3 Bb4+ 5.Bd2 a5 6.Bg2 O-O 7.O-O Re8 8.Bg5 Be7
9.Nc3 h6 10.Bf4 Nh5 11.Bc1 Bf8 12.e4 g6 13.e5 f5 14.exf6 Qxf6 15.Nb5 Qd8
16.Nh4 Ne7 17.Nxg6 Nf6 18.Nxf8 Rxf8 19.Bxh6 Rf7 20.g4 d5 21.g5 Ne8 22.Qh5 dxc4
23.Nc3 Ng7 24.Bxg7 Rxg7 25.Ne4 Nd5 26.f4 Bd7 27.Rae1 Be8 28.Qh3 Bf7 29.Nc5 Nxf4
30.Rxf4 Qxg5 31.Rh4 Kf8 32.Rh8+ Rg8 33.Rxg8+ Kxg8 34.Nxe6 Qd2 35.Qg3+  1-0

[Event "Commonwealth & RSA Open"]
[Site "Port Elizabeth RSA"]
[Date "2013.07.13"]
[Round "10.48"]
[White "Gluckman,Paul"]
[Black "Nelson,Ja"]
[Result "0-1"]
[WhiteElo "1634"]
[BlackElo "2003"]

1.d4 Nf6 2.c4 Nc6 3.Nc3 e5 4.d5 Nb8 5.Bg5 d6 6.e4 Be7 7.Nf3 Na6 8.Bxf6 Bxf6
9.Be2 O-O 10.O-O g6 11.Ne1 Bg5 12.Nd3 f5 13.f3 Rf7 14.Kh1 Qf8 15.b4 Qh6 16.a3 Bh4
17.Kg1 Bd7 18.Qc1 Bg5 19.Qc2 Raf8 20.c5 Be3+ 21.Kh1 Kh8 22.c6 Bc8 23.cxb7 Bxb7
24.Qa4 Nb8 25.Qb3 Nd7 26.Qa4 Nf6 27.Nb2 Nh5 28.g3 Nxg3+ 29.Kg2 Nxf1 30.Rxf1 Bf4
31.Rh1 Qg5+ 32.Kf1 Qh4 33.Nd3 Be3 34.Kg2 g5 35.Kf1 fxe4  0-1

[Event "17th Battle of Senta"]
[Site "Senta SRB"]
[Date "2013.07.13"]
[Round "1.7"]
[White "Pregarac,V"]
[Black "Nadj Hedjesi,B"]
[Result "0-1"]
[WhiteElo "2136"]
[BlackElo "2389"]

1.d4 Nf6 2.c4 Nc6 3.Nf3 e6 4.g3 Bb4+ 5.Bd2 a5 6.Bg2 d6 7.O-O Bxd2 8.Qxd2 O-O
9.Nc3 Re8 10.e4 e5 11.d5 Ne7 12.b3 Nd7 13.Ne1 Nc5 14.Nd3 Nxd3 15.Qxd3 f5
16.exf5 Bxf5 17.Be4 Qd7 18.f3 Rf8 19.Rae1 Rf6 20.Bxf5 Rxf5 21.f4 Ng6 22.fxe5 Rxf1+
23.Rxf1 Nxe5 24.Qe4 Re8 25.Ne2 Ng4 26.Qf3 Ne5 27.Qe4 b5 28.Qc2 bxc4 29.bxc4 Qg4
30.Nf4 Rf8 31.Qd1 Rxf4  0-1

[Event "XV Sant Marti Open A"]
[Site "Barcelona ESP"]
[Date "2013.07.15"]
[Round "3.36"]
[White "De Azua Arpi,Rafael"]
[Black "Sorm,D"]
[Result "0-1"]
[WhiteElo "1943"]
[BlackElo "2304"]

1.d4 Nf6 2.c4 Nc6 3.Nf3 e6 4.g3 Bb4+ 5.Bd2 Qe7 6.a3 Bxd2+ 7.Nbxd2 d6 8.Bg2 e5
9.d5 Nb8 10.Qc2 e4 11.Nd4 e3 12.fxe3 Qxe3 13.Qd3 Qe7 14.O-O O-O 15.Nf5 Bxf5
16.Rxf5 Nbd7 17.Raf1 Rae8 18.e4 Ng4 19.b4 Nge5 20.Qe2 a5 21.Nb3 axb4 22.axb4 Ra8
23.Nd4 g6 24.R5f4 Ra4 25.Rb1 Nb6 26.Bf1 Nexc4 27.Qg4 h5 28.Qh3 Nd2 29.Rd1 Nxe4
30.Re1 Ng5 31.Rxe7 Nxh3+ 32.Bxh3 Nxd5 33.Rexf7 Rxf7 34.Rxf7 Kxf7 35.Be6+ Kf6
36.Bxd5 Ke5 37.Ne2 Kxd5 38.Nc3+ Kc4 39.Nxa4 Kb3 40.Nc5+ dxc5 41.bxc5 Kc4
42.Kf2 Kxc5 43.Kf3 Kd5  0-1

[Event "Ikaros Aegean Open 2013"]
[Site "Aghios Kirykos GRE"]
[Date "2013.07.16"]
[Round "5"]
[White "Kesoglou,K"]
[Black "Finokaliotis,G"]
[Result "1/2-1/2"]
[WhiteElo "2121"]
[BlackElo "2080"]

1.d4 Nf6 2.c4 Nc6 3.Nf3 e6 4.Nc3 Bb4 5.Qc2 d6 6.a3 Bxc3+ 7.Qxc3 h6 8.b4 O-O
9.Bb2 Re8 10.Rd1 Bd7 11.Qc2 d5 12.e3 dxc4 13.Bxc4 Nd5 14.O-O Nb6 15.Be2 Ne7
16.Rc1 Rc8 17.Ne5 Ba4 18.Qe4 Nc6 19.Qf4 Nxe5 20.Qxe5 Qd5 21.Qxd5 exd5 22.Bg4 Bd7
23.Be2 Ba4  1/2-1/2

[Event "XV Sant Marti Open A"]
[Site "Barcelona ESP"]
[Date "2013.07.17"]
[Round "5.13"]
[White "Gallego Alcaraz,A"]
[Black "Sorm,D"]
[Result "1-0"]
[WhiteElo "2414"]
[BlackElo "2304"]

1.d4 Nf6 2.c4 Nc6 3.Nf3 e6 4.Nc3 Bb4 5.Qc2 d6 6.a3 Bxc3+ 7.Qxc3 a5 8.b3 O-O
9.Bb2 Re8 10.Rd1 Qe7 11.d5 Nb8 12.e3 e5 13.Be2 Bg4 14.h3 Bxf3 15.Bxf3 Nbd7
16.O-O Nc5 17.Qc2 Reb8 18.Be2 c6 19.b4 axb4 20.axb4 Na4 21.dxc6 bxc6 22.Ba3 d5
23.Ra1 Nb6 24.c5 Nc8 25.Rfb1 Na7 26.Bc1 Nb5 27.Rxa8 Rxa8 28.Bxb5 cxb5 29.Bb2 Ne8
30.Qf5 f6 31.f4 g6 32.Qd3 Nc7 33.fxe5 fxe5 34.Qc3 Re8 35.Ra1 Qe6 36.Ra7 d4
37.exd4 Nd5 38.Qg3 e4 39.Qe5 Qxe5 40.dxe5 Nxb4 41.Rb7 Nc6 42.Kf2 Nxe5 43.Bxe5 Rxe5
44.c6 e3+ 45.Ke2 Re8 46.c7  1-0

[Event "10th South Wales Int 2013"]
[Site "Penarth WLS"]
[Date "2013.07.18"]
[Round "8.1"]
[White "Wells,P"]
[Black "Petkov,V"]
[Result "1/2-1/2"]
[WhiteElo "2479"]
[BlackElo "2544"]

1.d4 Nf6 2.c4 Nc6 3.Nf3 e6 4.Nc3 Bb4 5.e3 d6 6.Bd2 O-O 7.Qc2 e5 8.dxe5 dxe5
9.a3 Bxc3 10.Bxc3 Qe7 11.b4 Bg4 12.Be2 Bxf3 13.Bxf3 Nd4 14.Bxd4 exd4 15.O-O dxe3
16.Rae1 c6 17.Rxe3 Qc7 18.Rfe1 a5 19.g3 axb4 20.axb4 Rfe8 21.Kg2 Rxe3 22.Rxe3 h6
23.h4  1/2-1/2

[Event "Horsens Lang Weekend 2013"]
[Site "Horsens DEN"]
[Date "2013.07.19"]
[Round "3.4"]
[White "Matthiesen,M"]
[Black "Petersen,M"]
[Result "1-0"]
[WhiteElo "2275"]
[BlackElo "2009"]

1.d4 Nf6 2.c4 Nc6 3.Nf3 e6 4.Nc3 Bb4 5.Qc2 d6 6.Bg5 h6 7.Bd2 O-O 8.a3 Bxc3
9.Bxc3 Re8 10.O-O-O Qe7 11.e4 e5 12.d5 Nb8 13.Ne1 Nbd7 14.f3 b6 15.Nd3 a5
16.b3 Nf8 17.h4 Nh5 18.Be1 Ng6 19.g3 f5 20.exf5 e4 21.fxg6 exd3 22.Bxd3 Qe3+
23.Kb1 Qxf3 24.Rf1 Qe3 25.Bf2 Qf3 26.Bxb6 Qxg3 27.Bxc7 Bg4 28.Rd2 Re1+ 29.Rxe1 Qxe1+
30.Ka2 Qe7 31.Bb6 Qxh4 32.c5 dxc5 33.d6 a4 34.Bc4+ Kf8 35.d7 axb3+ 36.Bxb3 Bxd7
37.Rxd7 Qb4 38.Bxc5+  1-0

[Event "15th TCh-Eur Senior"]
[Site "Dresden GER"]
[Date "2013.07.23"]
[Round "4"]
[White "Steedman,J"]
[Black "Jongsma,L"]
[Result "1/2-1/2"]
[WhiteElo "2123"]
[BlackElo "2148"]

1.d4 Nf6 2.c4 Nc6 3.Nf3 d6 4.Nc3 e5 5.d5 Ne7 6.e4 Ng6 7.g3 Be7 8.Bg2 O-O
9.O-O c6 10.h3 h6 11.Be3 Nh7 12.Nd2 c5 13.h4 a6 14.h5 Nh8 15.f4 Nf6 16.Bf3 b5
17.cxb5 axb5 18.Nxb5 Qd7 19.a4 Qh3 20.Rf2 Ng4 21.Bxg4 Qxg3+ 22.Rg2 Qxe3+
23.Kh1 Qxf4 24.Qe2 f5 25.Rf1 fxg4 26.Rxf4 exf4 27.Qc4 Nf7 28.Nc7 Rb8 29.Ne6 Ne5
30.Qc3 f3 31.Rg1 Rf7 32.Nc4 Nxc4 33.Qxc4 Rb4 34.Qd3 Bxe6 35.dxe6 Rf4 36.e5 dxe5
37.Qd7 g3 38.Rxg3 f2 39.Rxg7+ Kh8 40.Rh7+ Kg8 41.Rg7+  1/2-1/2

[Event "VIII Vladimir Dvorkovich Open"]
[Site "Taganrog RUS"]
[Date "2013.07.24"]
[Round "3.17"]
[White "Pligin,G"]
[Black "Berdychevaskaya,N"]
[Result "1/2-1/2"]
[WhiteElo "1915"]
[BlackElo "2199"]

1.d4 Nf6 2.c4 Nc6 3.Nc3 e5 4.d5 Nb8 5.Qc2 Be7 6.e4 O-O 7.Nf3 d6 8.h3 c6 9.Be2 Nbd7
10.O-O h6 11.Rb1 Nh7 12.b4 Ng5 13.Rb3 Nxf3+ 14.Bxf3 Nf6 15.Nd1 cxd5 16.exd5 Nh7
17.g4 f5 18.gxf5 Bxf5 19.Be4 Qd7 20.f4 Bxe4 21.Qxe4 exf4 22.Bxf4 Bg5 23.Bh2 Rxf1+
24.Kxf1 Re8 25.Qg4 Qe7 26.Qe6+ Qxe6 27.dxe6 Rxe6 28.Rd3 Re4 29.c5 dxc5 30.bxc5 Rc4
31.Bd6 b6 32.cxb6 axb6 33.a3 Nf6 34.Nc3 Kf7 35.Kg2 Ke6 36.Bb4 Bf4 37.Kf3 g5
38.Na4 Bc7 39.Nxb6 Rf4+ 40.Kg2 Rxb4 41.axb4 Bxb6 42.Kf3  1/2-1/2

[Event "Czech Open B 2013"]
[Site "Pardubice CZE"]
[Date "2013.07.27"]
[Round "9.10"]
[White "Moroder,S"]
[Black "Eschholz,E"]
[Result "0-1"]
[WhiteElo "2141"]
[BlackElo "2222"]

1.d4 Nf6 2.c4 Nc6 3.a3 e5 4.d5 Ne7 5.Nc3 Ng6 6.Bg5 Bc5 7.e3 a5 8.Ne4 Be7
9.d6 Nxe4 10.dxe7 Nxe7 11.Bh4 d6 12.Bd3 Nc5 13.Bc2 Be6 14.Qe2 Qd7 15.O-O-O Nf5
16.Bg3 Nxg3 17.hxg3 Bf5 18.Nf3 Bg4 19.Bxh7 O-O-O 20.b4 axb4 21.axb4 Na6 22.b5 Nc5
23.Qc2 Rde8 24.e4 g6 25.Qa2 Kd8 26.Rd5 Bxf3 27.gxf3 Ke7 28.f4 Nxe4 29.fxe5 Nc3
30.exd6+ cxd6 31.Re1+ Kf6 32.Qd2 Rxe1+ 33.Qxe1 Nxd5  0-1

[Event "Politiken Cup 2013"]
[Site "Helsingor DEN"]
[Date "2013.07.28"]
[Round "2.48"]
[White "Gandrud,V"]
[Black "Petersen,M"]
[Result "1-0"]
[WhiteElo "2267"]
[BlackElo "2009"]

1.d4 Nf6 2.c4 Nc6 3.Nc3 e5 4.d5 Ne7 5.h4 Nf5 6.Qd3 g6 7.Nf3 d6 8.e4 Ng7 9.Be2 Be7
10.Bh6 Ngh5 11.g3 Ng4 12.Bd2 h6 13.Nh2 Nxh2 14.Rxh2 Ng7 15.O-O-O f5 16.h5 fxe4
17.Nxe4 Bf5 18.g4 Bxe4 19.Qxe4 g5 20.Rh3 Kf8 21.Rf3+ Kg8 22.Bd3 Qd7 23.Rg1 Rf8
24.Rgg3 Rf6 25.Rxf6 Bxf6 26.Rf3 Qf7 27.Qg6 Qxg6 28.Bxg6 Bd8 29.Rf7  1-0

[Event "Politiken Cup 2013"]
[Site "Helsingor DEN"]
[Date "2013.07.31"]
[Round "6.46"]
[White "Hagen,Ande"]
[Black "Petersen,M"]
[Result "1-0"]
[WhiteElo "2187"]
[BlackElo "2009"]

1.d4 Nf6 2.c4 Nc6 3.Nf3 e6 4.a3 d6 5.Nc3 g6 6.e4 Bg7 7.Bg5 h6 8.Be3 O-O 9.Be2 Re8
10.O-O e5 11.dxe5 Nxe5 12.Nxe5 Rxe5 13.f3 Kh7 14.c5 d5 15.Bd4 Re8 16.exd5 Nxd5
17.Bxg7 Ne3 18.Qxd8 Rxd8 19.Bf6 Rd2 20.Rf2 Bf5 21.Bb5 Rxf2 22.Kxf2 Nc2 23.Rc1 g5
24.g4 Bg6 25.Ba4  1-0